| 000 | 00829cam a22002771 4500 | ||
|---|---|---|---|
| 001 | sa 68015284 | ||
| 003 | DLC | ||
| 005 | 20260227112642.0 | ||
| 008 | 821108m19501964ph 000 0 tgl | ||
| 010 | _asa 68015284 | ||
| 035 | _a(OCoLC)8936239 | ||
| 040 |
_aDLC _cCU-S _dWU _dDLC |
||
| 041 | 0 | _atageng | |
| 042 | _apremarc | ||
| 050 | 0 | 0 |
_aPL6053 _b.E3 |
| 100 | 1 | _aMatute, Genoveva Edroza. | |
| 245 | 1 | 0 |
_aPampaaralang balarila / _cnina Genoveva D. Edroza at Florencia del Rosario. |
| 246 | 0 | 4 | _aBalarila |
| 260 |
_aManila : _bPhilippine Book Co., _c[c1950-64] |
||
| 300 |
_a4 v. ; _c23 cm. |
||
| 500 | _aCover title: Balarila. | ||
| 546 | _aTagalog and English. | ||
| 650 | 0 |
_aTagalog language _xGrammar. |
|
| 650 | 0 |
_aTagalog language _xTextbooks for foreign speakers _xEnglish. |
|
| 700 | 1 | _aRosario, Florencia del. | |
| 999 |
_c86372 _d86372 |
||